| 000 | 00653nam a2200205 i 4500 | ||
|---|---|---|---|
| 001 | 29997 | ||
| 003 | ES-MaACL | ||
| 007 | t| | ||
| 008 | 030123s1952 sp ||||1| spa d | ||
| 100 | 1 |
_aBarrett, Monte. _925960 |
|
| 245 | 1 | 0 |
_aCuchillo afilado / _cMonte Barrett ; [versión española de Carlos Sempau]. |
| 250 | _a[1ª ed.]. | ||
| 260 |
_aBarcelona : _bLuis de Caralt, _c[1952] ( _fCondal) |
||
| 300 |
_a263 p. ; _c21 cm. |
||
| 490 | 1 | _aColección El amor y la aventura | |
| 700 | 1 |
_aSempau, Carlos. _9105396 |
|
| 830 | 0 | 0 |
_aColección El amor y la aventura _9181308 |
| 852 |
_aES-MaACL _jC-7819 _bR.33213 |
||
| 999 |
_c29997 _d29997 |
||